Statistics for History of Oregon Quiz

Click here to take the quiz!

General Stats

  • This quiz has been taken 207 times
    (173 since last reset)
  • The average score is 10 of 16

Answer Stats

QuestionAnswer% Correct
In what day and month of 1859 did Oregon become a state?
(hint: Valentine's Day)
February 14
96%
In 1994, what did Oregon become the first state to legalize?Physician-assisted
{Suicide}
86%
What explorers traveled through Oregon in 1805 and 1806?Lewis and Clark
84%
What TV series was created by Matt Groening in 1989?The Simpsons
82%
From what country where the first European who visited Oregon?Spain
73%
What did Oregon became the first state to decriminalize in 1973?Recreational Marijuana
66%
Whose ex-husband hired an attacker to strike Nancy Kerrigan on her landing knee?Tonya Harding
66%
Who did Kurt Cobain marry to in 1992?Courtney Love
65%
What "lake" did Mount Mazama form when it erupted about 7,700 years ago?Crater Lake
63%
What clothing company was founded by Bill Bowerman and Phil Knight in 1964?Nike
58%
What novel was published by Chuck Palahniuk in 1996 - which was made into
a movie and starred Brad Pitt and Edward Norton?
Fight Club
57%
What river valley was the destination of Oregon Trail pioneers?Willamette
47%
What Republican president lived with his uncle in Oregon when he
was orphaned in 1885?
Herbert Hoover
43%
What city, hometown of the Goonies, is the oldest in Oregon?Astoria
38%
How did the Olympic-runner Steve Prefontaine die at the age of 24?Car crash
34%
What author wrote children's books such as "Beezus and Ramona"
"Henry Huggins"?
Beverly Cleary
31%

Score Distribution

Percentile by Number Answered

Percent of People with Each Score

Your Score History

You have not taken this quiz since the last reset